Dispositivos electrónicos en el automóvil
Wedi'i Gadw mewn:
| Prif Awdur: | |
|---|---|
| Fformat: | Llyfr |
| Iaith: | Sbaeneg |
| Cyhoeddwyd: |
Barcelona
CEAC
1993
|
| Rhifyn: | 2a. ed |
| Cyfres: | Biblioteca CEAC del Automóvil
|
| Pynciau: | |
| Tagiau: |
Ychwanegu Tag
Dim Tagiau, Byddwch y cyntaf i dagio'r cofnod hwn!
|
MARC
| LEADER | 00000nam a2200000 a 4500 | ||
|---|---|---|---|
| 001 | UCN8861 | ||
| 003 | CL-VaPUC | ||
| 008 | 011123e19930100SP |||||||||||||||||spa|d | ||
| 082 | 0 | 4 | |a 629.2549 |b GIL |2 21 |
| 100 | 0 | |a Gillieri, Stefano |e author |9 465417 | |
| 245 | 1 | 0 | |a Dispositivos electrónicos en el automóvil |
| 250 | |a 2a. ed | ||
| 300 | |a 247 p | ||
| 942 | |c BK | ||
| 945 | |d 20011123 00:00:00 |a vberengu | ||
| 260 | |a Barcelona |b CEAC |c 1993 | ||
| 650 | 0 | |a Automóviles |9 260871 | |
| 650 | 7 | |a ENCENDIDO - AUTOMOVILES |2 CL-VaPUC |9 465418 | |
| 650 | 7 | |a TECNOLOGIA AUTOMOVILISTICA |2 CL-VaPUC |9 358675 | |
| 650 | 0 | |a Dispositivos electrónicos |9 355274 | |
| 583 | |a last modification |c 20011123 00:00:00 |k Rodrigo Vera | ||
| 490 | 0 | |a Biblioteca CEAC del Automóvil | |
| 999 | |c 298600 |d 298598 | ||
| 952 | |0 0 |1 0 |4 0 |6 629_254900000000000_GIL_1993 |7 0 |8 A |9 354303 |a BIBMEC |b BIBMEC |d 2019-11-21 |i 3777774 |o 629.2549 GIL 1993 |p 3777774 |r 2024-01-19 |w 2019-11-21 |y BK |k MEC | ||